000 00626nam a2200205 a 4500
001 000042302
005 20201002040051.0
008 131122s2013 dr 000 p spa d
020 _a9789945165852
040 _aDO-SdBNP
_bspa
_cBNPHU
082 _aRD861.5
_bN972s
100 1 _aNúñez, Lorgio
_969355
245 1 0 _aSoplo trinitario /
_cLorgio Núñez.
260 _aSanto Domingo :
_bBúho,
_c2013.
300 _a55 p. ;
_c19 cm.
590 _aInventariado, 2019 / DG
650 4 _aPoesía patriótica dominicana
_92762
650 4 _aLiteratura patriótica dominicana
_969356
910 _aValidado. Control de calidad MFF
999 _c41791
_d41791